000 00780nam0a22002411 4500
001 rc\559213
005 20030616170430.4
035 _a(NLR Aleph) 005794384
090 _a5230447
_c5230447
100 _a20030616d1987 u |0rusy50 ca
101 0 _arus
102 _aRU
105 _aa |||||||||
200 1 _aПрогнозирование надежности микроэлектронной аппаратуры на основе БИС
210 _aМ.
_cРадио и связь
_d1987
215 _a150, [1] с.
_cил.
_d22
320 _aБиблиогр.: с. 148-149 (26 назв.)
700 1 _aКейджян
_bГ. А.
_gГеворк Акопович
801 0 _aRU
_bNLR
_gpsbo
801 1 _aRU
_bELAR
_2rusmarc
852 _aNLR
_j87-5/1456
942 _cBOOK
980 _aNB